Sophocles Oedipus at Colonus / (Record no. 4171)
[ view plain ]
| 000 -LEADER | |
|---|---|
| fixed length control field | 00721nam a2200253 a 4500 |
| 001 - CONTROL NUMBER | |
| JCCL Control Number | 4171 |
| 003 - CONTROL NUMBER IDENTIFIER | |
| JCCL marc code | BD-JhCC |
| 005 - DATE AND TIME OF LATEST TRANSACTION | |
| control field | 20171125125247.0 |
| 008 - FIXED-LENGTH DATA ELEMENTS--GENERAL INFORMATION | |
| fixed length control field | 960725s1960 enk 000 0 eng d |
| 035 ## - SYSTEM CONTROL NUMBER | |
| system control number | (BD-JhCC)4171 |
| 040 ## - CATALOGING SOURCE | |
| Original cataloging agency | DMM |
| Transcribing agency | DMM |
| Modifying agency | BUF |
| -- | BD-JhCC |
| 041 ## - LANGUAGE CODE | |
| Language code of Book | eng |
| 082 ## - DEWEY DECIMAL CLASSIFICATION NUMBER | |
| DDC Edition number | 23 |
| Classification number | 882.01 |
| Author mark and Year | MUR 1960 |
| 100 0# - MAIN ENTRY--PERSONAL NAME | |
| Personal name | Murray, Gilbert |
| Titles and other words associated with a name | 1866-1957. |
| 245 10 - TITLE STATEMENT | |
| Title | Sophocles Oedipus at Colonus / |
| Statement of responsibility, etc | Gilbert Murray |
| 250 ## - EDITION STATEMENT | |
| Edition statement | 2nd Edi. |
| 260 ## - PUBLICATION, DISTRIBUTION, ETC. (IMPRINT) | |
| Place of publication, distribution, etc | London : |
| Name of publisher, distributor, etc | Allen & Unwin, |
| Date of publication, distribution, etc | 1960 |
| 300 ## - PHYSICAL DESCRIPTION | |
| Pagination | 131 p. : |
| Dimensions | 19 cm. |
| 500 ## - GENERAL NOTE | |
| General note | Translated into English rhyming verse with Introduction and Notes. |
| 650 ## - SUBJECT ADDED ENTRY--TOPICAL TERM | |
| Topical term or geographic name as entry element | Oedipus (Greek mythological figure) |
| 650 ## - SUBJECT ADDED ENTRY--TOPICAL TERM | |
| Topical term or geographic name as entry element | Sophocles |
| 942 ## - ADDED ENTRY ELEMENTS (KOHA) | |
| Source of classification or shelving scheme | Dewey Decimal Classification |
| Koha item type | Books |
| Source of classification or shelving scheme | Damaged status | Not for loan | Home library | Current library | Shelving location | Date of accession | Total Checkouts | Full call number | Barcode | Date last seen | Copy number | Koha item type |
|---|---|---|---|---|---|---|---|---|---|---|---|---|
| Dewey Decimal Classification | JCC Rouf Library | JCC Rouf Library | General Stacks | 11/23/2017 | 882.01 MUR 1960 | 6102 | 11/23/2017 | C- 1 | Books |